000 01070nam0a22002651 4500
001 rc\192111
005 20260407083738.0
010 _a5-230-07715-8
_91000
035 _a(NLR Aleph) 005448098
090 _a4828202
_c4828202
100 _a20030307d1991 |||y0rusy50 ca
101 0 _arus
102 _aRU
105 _ay |||||||||
200 1 _aПроблемы историографии и культурного наследия народов Кубани дореволюционного периода
_eСб. науч. тр.
_fКубан. гос. ун-т
_g[Редкол.: С.С. Минц (отв. ред.) и др.]
210 _aКраснодар
_cКГУ
_d1991
215 _a141, [1] с.
_d21
320 _aБиблиогр. в примеч. в конце ст.
702 1 _aМинц
_bС.С.
_4340
712 0 2 _4070
_aКубанский государственный университет
_cКраснодар
_3RU\NLR\AUTH\8810948
_9294538
801 0 _aRU
_bNLR
_gpsbo
801 1 _aRU
_bELAR
_2rusmarc
852 _aNLR
_j91-3/5399
942 _cBOOK
980 _aNB